[Event "Oberschwaben-chB"]
[Site "Markdorf"]
[Date "2009.05.22"]
[Round "3.6"]
[White "Heil, Marina"]
[Black "Schleiffer, Helmut"]
[Result "1-0"]
[WhiteElo "1754"]
[BlackElo "1867"]
[PlyCount "57"]
[EventDate "2009.??.??"]
[WhiteTeam "SF Wetzisreute"]
[BlackTeam "SF Vöhringen"]

1. e4 e5 2. Bc4 Nc6 3. d3 Nf6 4. f4 d6 5. Nf3 Be7 6. O-O O-O 7. f5 Na5 8. Bb5
a6 9. Ba4 b5 10. Qe1 c5 11. Bd2 Nc6 12. Bb3 Bb7 13. a3 Nd4 14. Nxd4 cxd4 15. c3
d5 16. cxd4 dxe4 17. dxe5 Qd4+ 18. Kh1 Qxe5 19. Bc3 Qd6 20. dxe4 Nxe4 21. Bb4
Nc5 22. Nc3 Qc7 23. Nd5 Bxd5 24. Bxd5 Rad8 25. Ba2 Bd6 26. Rc1 Nd3 27. Rxc7
Nxe1 28. Bxd6 Rxd6 29. Rxe1 1-0

[Event "Oberschwaben-chB"]
[Site "Markdorf"]
[Date "2009.05.22"]
[Round "3.7"]
[White "Engler, Gunter"]
[Black "Zeller, Roman"]
[Result "0-1"]
[WhiteElo "1667"]
[BlackElo "1828"]
[PlyCount "66"]
[EventDate "2009.??.??"]
[WhiteTeam "SC Lindau"]
[BlackTeam "SV Friedrichshafen"]

1. d4 Nf6 2. f3 d5 3. e4 dxe4 4. Nc3 exf3 5. Nxf3 Bg4 6. h3 Bh5 7. g4 Bg6 8.
Bg2 Nc6 9. a3 e6 10. Be3 Bd6 11. Qd2 Qe7 12. O-O-O Bxa3 13. bxa3 Qxa3+ 14. Kb1
Nb4 15. Ne1 Ne4 16. Bxe4 Bxe4 17. Rh2 Bd5 18. Nd3 Ba2+ 19. Ka1 Bb3+ 20. Kb1
Bxc2+ 21. Qxc2 Nxc2 22. Kxc2 b5 23. Rb1 Qd6 24. Rhh1 c6 25. Nc5 O-O 26. N5e4
Qc7 27. Ra1 a5 28. Nc5 Rfd8 29. Nd3 b4 30. Na4 Qg3 31. Bf2 Qf3 32. Kd2 e5 33.
Rae1 e4 0-1

[Event "Oberschwaben-chB"]
[Site "Markdorf"]
[Date "2009.05.22"]
[Round "3.8"]
[White "Funk, Markus"]
[Black "Oberndörfer, Frank"]
[Result "1/2-1/2"]
[WhiteElo "1649"]
[BlackElo "1785"]
[PlyCount "108"]
[EventDate "2009.??.??"]
[WhiteTeam "SV Friedrichshafen"]
[BlackTeam "SF Wetzisreute"]

1. c4 g6 2. d4 Bg7 3. e4 Nc6 4. Nf3 d6 5. d5 Nb8 6. Nc3 c5 7. Be2 Nf6 8. Bg5
Nbd7 9. Qd2 h6 10. Bxf6 Bxf6 11. O-O a6 12. a3 Bg7 13. Ne1 O-O 14. Nd3 Kh7 15.
f4 f5 16. Kh1 Bxc3 17. Qxc3 fxe4 18. Nf2 Nf6 19. g4 b5 20. g5 Ng8 21. Nxe4 bxc4
22. Qxc4 h5 23. Bd3 Rb8 24. Qc2 Qb6 25. Ng3 Qxb2 26. Bxg6+ Kh8 27. Qe4 Qd4 28.
Qxd4+ cxd4 29. Bxh5 Rb2 30. f5 Bb7 31. Bf3 Rc8 32. Rab1 Rcc2 33. Rxb2 Rxb2 34.
Be4 d3 35. Rd1 d2 36. Nf1 Ra2 37. Nxd2 Rxa3 38. Rb1 Bc8 39. Rb8 Rc3 40. Kg2 Kg7
41. h4 a5 42. Ra8 Rc5 43. Nb3 Rc4 44. Kf3 Bb7 45. Rxg8+ Kxg8 46. Nxa5 Rc3+ 47.
Kf4 Rc7 48. Nxb7 Rxb7 49. h5 Rb8 50. g6 Rb4 51. h6 Ra4 52. Kf3 Ra3+ 53. Kg4 Re3
54. Bf3 Rd3 1/2-1/2

[Event "Oberschwaben-chB"]
[Site "Markdorf"]
[Date "2009.05.22"]
[Round "3.9"]
[White "Oestreicher, Hans-Ulrich"]
[Black "Kromer, Thomas"]
[Result "1-0"]
[WhiteElo "1982"]
[BlackElo "1640"]
[PlyCount "81"]
[EventDate "2009.??.??"]
[WhiteTeam "SK Markdorf"]
[BlackTeam "SF Riedlingen"]

1. c4 e5 2. Nc3 Nc6 3. Nf3 Nf6 4. g3 Bc5 5. Bg2 O-O 6. O-O Re8 7. e3 d5 8. cxd5
Nxd5 9. Nxd5 Qxd5 10. d4 e4 11. Nd2 Bb6 12. Qc2 Bf5 13. Nc4 Qd7 14. Bd2 Bh3 15.
Rfc1 Bxg2 16. Kxg2 Bxd4 17. exd4 Nxd4 18. Qd1 Rad8 19. Be3 c5 20. Bf4 b6 21.
Ne3 f5 22. Nc2 Qd5 23. Nxd4 cxd4 24. Qb3 Qxb3 25. axb3 Rd7 26. Kf1 h6 27. Rc7
Rxc7 28. Bxc7 e3 29. Rxa7 d3 30. fxe3 Rxe3 31. Ra8+ Kf7 32. Rd8 d2 33. Rxd2
Rxb3 34. Be5 Rb5 35. Bc3 g5 36. Rd6 h5 37. Rh6 h4 38. gxh4 gxh4 39. Rxh4 Kg6
40. Rd4 Rc5 41. Rd6+ 1-0

[Event "Oberschwaben-chB"]
[Site "Markdorf"]
[Date "2009.05.22"]
[Round "3.10"]
[White "Krämer, Markus"]
[Black "Özdemir, Murat"]
[Result "1/2-1/2"]
[WhiteElo "1863"]
[BlackElo "1596"]
[PlyCount "58"]
[EventDate "2009.??.??"]
[WhiteTeam "SC Tettnang"]
[BlackTeam "SF Ravensburg"]

1. Nc3 e6 2. f4 b6 3. Nf3 d5 4. e3 a6 5. b3 g6 6. Rb1 Bg7 7. Be2 c5 8. a4 Nc6
9. Bb2 Nf6 10. O-O O-O 11. Qe1 Nb4 12. Bd1 Bb7 13. Ne2 Rc8 14. Ba3 Nc6 15. h3
Qc7 16. g4 Rfe8 17. Bb2 Ne4 18. Bxg7 Kxg7 19. d3 Nd6 20. Qh4 Qe7 21. Qg3 e5 22.
Nc3 exf4 23. exf4 Nb4 24. Qf2 Qe3 25. Ne2 Nxc2 26. Bxc2 Qxe2 27. b4 Qxf2+ 28.
Rxf2 c4 29. Ne5 Re7 1/2-1/2

[Event "Oberschwaben-chB"]
[Site "Markdorf"]
[Date "2009.05.22"]
[Round "3.11"]
[White "Betzen, Wolfgang"]
[Black "Thyron, Franz"]
[Result "1-0"]
[WhiteElo "1850"]
[BlackElo "1581"]
[PlyCount "77"]
[EventDate "2009.??.??"]
[WhiteTeam "SC Wangen"]
[BlackTeam "SF Ravensburg"]

1. Nf3 d5 2. e3 Nf6 3. b3 Bg4 4. Bb2 e6 5. Be2 Be7 6. O-O O-O 7. d4 h6 8. Nbd2
Nbd7 9. c4 c6 10. Rc1 Rc8 11. Bd3 Bxf3 12. Nxf3 Qa5 13. a3 a6 14. b4 Qb6 15. c5
Qa7 16. Bb1 Rfe8 17. Ne5 Nxe5 18. dxe5 Nd7 19. Qd3 Nf8 20. f4 a5 21. f5 Qa6 22.
fxe6 Qxd3 23. exf7+ Kh8 24. Bxd3 Red8 25. Bf5 Ra8 26. e6 axb4 27. axb4 Ra2 28.
Rf2 Ra4 29. Be5 Nxe6 30. Bxe6 Rxb4 31. Bd6 Bf8 32. Ra2 Re4 33. Bc7 Rxe6 34.
Bxd8 g6 35. Ra8 Kg7 36. Rf1 Bxc5 37. Bb6 Bf8 38. Rxf8 Kxf8 39. Bc5+ 1-0

[Event "Oberschwaben-chB"]
[Site "Markdorf"]
[Date "2009.05.22"]
[Round "3.12"]
[White "Goda, Frederic"]
[Black "Fichtl, Xaver"]
[Result "0-1"]
[WhiteElo "1657"]
[BlackElo "1809"]
[PlyCount "119"]
[EventDate "2009.??.??"]
[WhiteTeam "SC Weisse Dame Ulm e.V."]
[BlackTeam "SC Lindau"]

1. d4 d5 2. Nf3 e6 3. Bf4 Bd6 4. Ne5 f6 5. Nd3 Nc6 6. e3 a6 7. Qg4 Qe7 8. Bxd6
cxd6 9. Qf3 f5 10. Nd2 Nf6 11. c3 O-O 12. Nf4 Ne4 13. Nxe4 fxe4 14. Qg3 Na5 15.
Be2 Bd7 16. b4 Nc6 17. O-O Kh8 18. Qh3 Rf6 19. Bg4 Rh6 20. Qg3 g5 21. Ne2 Rg8
22. f4 gxf4 23. Qxf4 Rhg6 24. Bh5 Rxg2+ 25. Kh1 e5 26. Qf6+ R2g7 27. Ng3 Bh3
28. Qxe7 Nxe7 29. Rf6 exd4 30. cxd4 Rc8 31. Be2 Rc2 32. Bf1 Bg4 33. Rf8+ Rg8
34. Rxg8+ Kxg8 35. a4 Bf3+ 36. Kg1 h5 37. Bh3 Kf7 38. a5 Kg6 39. b5 h4 40. Nf1
axb5 41. a6 bxa6 42. Rxa6 Nc6 43. Nd2 Nxd4 44. Rxd6+ Kf7 45. exd4 Rxd2 46. Rxd5
b4 47. Rb5 Rxd4 48. Kf2 Ke7 49. Ke3 Rc4 50. Rb6 Rc3+ 51. Kd4 Rd3+ 52. Ke5 e3
53. Re6+ Kd8 54. Kf4 e2 55. Bg4 Bxg4 56. Kxg4 Rd2 57. Kf3 b3 58. Kf2 b2 59. Rb6
Rd1 60. Kxe2 0-1

[Event "Oberschwaben-chB"]
[Site "Markdorf"]
[Date "2009.05.22"]
[Round "3.13"]
[White "Montgomery, Mike"]
[Black "Eizenhöfer, Rudolf"]
[Result "0-1"]
[WhiteElo "1735"]
[BlackElo "1555"]
[PlyCount "90"]
[EventDate "2009.??.??"]
[WhiteTeam "SC Lindau"]
[BlackTeam "SK Markdorf"]

1. e4 c5 2. Nf3 Nc6 3. d4 cxd4 4. c3 dxc3 5. Nxc3 d6 6. Bc4 Bg4 7. Bxf7+ Kd7 8.
Qb3 Qb6 9. Bxg8 e6 10. Qc2 Bxf3 11. Bxe6+ Kxe6 12. gxf3 Rc8 13. Nd5 Qc5 14.
Nf4+ Kd7 15. Qxc5 dxc5 16. Be3 Ne5 17. Rd1+ Kc6 18. Ke2 b6 19. Rd5 Nc4 20. Rb1
Nxe3 21. Kxe3 g6 22. Rbd1 Bh6 23. Rd6+ Kb7 24. Rd7+ Rc7 25. e5 Rf8 26. e6 Rxf4
27. e7 Rf7+ 28. f4 Rxe7+ 29. Rxe7 Rxe7+ 30. Kf3 Rf7 31. Ke4 Rxf4+ 32. Ke5 Rxf2
33. Rd7+ Ka6 34. Rxh7 Bf4+ 35. Ke4 Bxh2 36. a4 Rxb2 37. Rg7 Rg2 38. Kd5 g5 39.
a5 Kxa5 40. Rxa7+ Kb5 41. Ra1 Rb2 42. Ke4 g4 43. Kd3 g3 44. Kc3 g2 45. Kxb2
Be5+ 0-1

[Event "Oberschwaben-chB"]
[Site "Markdorf"]
[Date "2009.05.22"]
[Round "3.14"]
[White "Heil, Peter"]
[Black "Heinrich, Ernst"]
[Result "1-0"]
[WhiteElo "1635"]
[BlackElo "1706"]
[PlyCount "63"]
[EventDate "2009.??.??"]
[WhiteTeam "SF Wetzisreute"]
[BlackTeam "SK Markdorf"]

1. d4 d5 2. Nf3 Nf6 3. e3 c6 4. Bd3 e6 5. O-O Nbd7 6. Nbd2 Bd6 7. e4 dxe4 8.
Nxe4 Nxe4 9. Bxe4 Nf6 10. Bd3 Qc7 11. Qe2 Nd5 12. g3 c5 13. dxc5 Qxc5 14. c3
Bd7 15. Ne5 Bxe5 16. Qxe5 Qf8 17. Re1 O-O-O 18. Be4 Bc6 19. c4 Nc7 20. Bxc6
bxc6 21. Bf4 Rd7 22. Rad1 f6 23. Qa5 Qd8 24. Qa4 e5 25. Be3 Qe7 26. Rxd7 Kxd7
27. Rd1+ Kc8 28. Qxc6 Rd8 29. Rxd8+ Qxd8 30. Bxa7 Qd1+ 31. Kg2 Qe2 32. Bb6 1-0

[Event "Oberschwaben-chB"]
[Site "Markdorf"]
[Date "2009.05.22"]
[Round "3.15"]
[White "Baron, Sven"]
[Black "Zielke, Reinhard"]
[Result "1-0"]
[WhiteElo "1688"]
[BlackElo "1526"]
[PlyCount "61"]
[EventDate "2009.??.??"]
[WhiteTeam "SC Wangen"]
[BlackTeam "SAbt TG Biberach"]

1. e4 c5 2. c3 Nc6 3. d4 cxd4 4. cxd4 Nf6 5. Nc3 e6 6. a3 d6 7. Nf3 Be7 8. Bd3
a6 9. O-O b6 10. b4 Qc7 11. Bb2 h6 12. Rc1 Qb7 13. Re1 O-O 14. h3 Bd7 15. Bb1
Rac8 16. e5 dxe5 17. dxe5 Nh7 18. Qd3 g6 19. Ne4 Rfd8 20. Nf6+ Kg7 21. Nxh7
Kxh7 22. h4 Be8 23. Qe4 h5 24. g4 hxg4 25. Qxg4 Na7 26. h5 Kg7 27. Be4 Qb8 28.
hxg6 fxg6 29. Qxe6 Rc7 30. Qh3 Bf7 31. e6+ 1-0

[Event "Oberschwaben-chB"]
[Site "Markdorf"]
[Date "2009.05.22"]
[Round "3.16"]
[White "Pohl, Manfred"]
[Black "Lewandowski, Tadeus"]
[Result "0-1"]
[WhiteElo "1607"]
[BlackElo "1688"]
[PlyCount "90"]
[EventDate "2009.??.??"]
[WhiteTeam "SC Wangen"]
[BlackTeam "SF Ravensburg"]

1. b4 e5 2. Bb2 Bxb4 3. Bxe5 Nf6 4. a3 Ba5 5. e3 O-O 6. Nf3 Re8 7. Be2 d5 8.
O-O c5 9. h3 Nc6 10. Bb2 d4 11. exd4 Qb6 12. Bc3 cxd4 13. Bxa5 Qxa5 14. d3 Nd5
15. Nfd2 Nf4 16. Bf3 Qg5 17. Kh2 Bf5 18. Ne4 Bxe4 19. dxe4 Rad8 20. g3 Ng6 21.
Bg2 Qc5 22. f4 Na5 23. Nd2 d3 24. Nb3 Nxb3 25. cxb3 d2 26. Ra2 Qe3 27. Ra1 Qc3
28. Rf3 Qxa1 29. Qxa1 d1=Q 30. Qc3 Rc8 31. Qe3 Rc2 32. e5 Qd2 33. Qxd2 Rxd2 34.
h4 Rc8 35. Kh3 Rcc2 36. Bf1 h5 37. g4 Rh2+ 38. Kg3 hxg4 39. Kxg4 Rxh4+ 40. Kg3
Rxf4 41. Rxf4 Nxf4 42. Bc4 Ne6 43. Kf3 Nc5 44. Kf4 b6 45. a4 Rc3 0-1

[Event "Oberschwaben-chB"]
[Site "Markdorf"]
[Date "2009.05.22"]
[Round "3.17"]
[White "Rauscher, Benjamin"]
[Black "Gräber, Gero"]
[Result "1/2-1/2"]
[WhiteElo "1571"]
[BlackElo "1682"]
[PlyCount "80"]
[EventDate "2009.??.??"]
[WhiteTeam "SK Markdorf"]
[BlackTeam "SC Tettnang"]

1. d4 d5 2. Nf3 Nf6 3. h3 e6 4. Bf4 Nbd7 5. Nbd2 Be7 6. e3 O-O 7. c4 c6 8. Be2
b6 9. O-O Bb7 10. cxd5 cxd5 11. Qb3 Ne4 12. Rac1 Nxd2 13. Nxd2 Rc8 14. Qa4 a6
15. Bd3 b5 16. Qd1 Nf6 17. a3 Rxc1 18. Qxc1 Qc8 19. Qb1 Qd7 20. Be5 g6 21. b4
Rc8 22. Nb3 Ne8 23. Nc5 Bxc5 24. bxc5 Bc6 25. Qd1 Qd8 26. Qd2 f5 27. Ra1 Ra8
28. Qb4 Qd7 29. Qd2 Kf7 30. Qe2 Nf6 31. f3 Ra7 32. Qe1 Ng8 33. Qh4 h6 34. g4
Qe7 35. Qg3 Nf6 36. Ra2 Ra8 37. Rg2 Rg8 38. Qe1 Nd7 39. Bd6 Qd8 40. Qg3 Qf6
1/2-1/2

[Event "Oberschwaben-chB"]
[Site "Markdorf"]
[Date "2009.05.22"]
[Round "3.18"]
[White "Grasmik, Johann"]
[Black "Voss, Michael"]
[Result "0-1"]
[WhiteElo "1511"]
[BlackElo "1667"]
[PlyCount "44"]
[EventDate "2009.??.??"]
[WhiteTeam "SV Weingarten"]
[BlackTeam "SC Lindau"]

1. d4 d5 2. c4 e5 3. dxe5 d4 4. Nf3 Nc6 5. a3 Be6 6. Nbd2 Nge7 7. Qa4 Ng6 8. e4
dxe3 9. fxe3 Qd7 10. Qb3 O-O-O 11. Qc3 Be7 12. Be2 f6 13. exf6 Bxf6 14. Qc2
Nge5 15. Rb1 Ng4 16. Nf1 Bf5 17. e4 Bg6 18. Bf4 Nd4 19. Qd3 Bxe4 20. Qxe4 Rhe8
21. Be5 Nxe2 22. Qd5 Qf5 0-1

[Event "Oberschwaben-chB"]
[Site "Markdorf"]
[Date "2009.05.22"]
[Round "3.19"]
[White "Neher, Georg"]
[Black "Baur, Helmut"]
[Result "1/2-1/2"]
[WhiteElo "1500"]
[BlackElo "1661"]
[PlyCount "53"]
[EventDate "2009.??.??"]
[WhiteTeam "SC Bad Schussenried e.V."]
[BlackTeam "SF Mengen"]

1. Nf3 b6 2. g3 Bb7 3. Bg2 c5 4. d3 Nf6 5. Nbd2 d5 6. O-O Nbd7 7. Re1 e5 8. e4
d4 9. Nc4 Qc7 10. a4 Be7 11. Bd2 a6 12. Qb1 O-O 13. Rf1 Nxe4 14. dxe4 Bxe4 15.
Ne1 Bxg2 16. Nxg2 f5 17. Qa2 Kh8 18. a5 b5 19. Nb6 Nxb6 20. axb6 Qxb6 21. Qd5
Qd6 22. Qxd6 Bxd6 23. c3 d3 24. f4 e4 25. Ne3 a5 26. c4 b4 27. b3 1/2-1/2

[Event "Oberschwaben-chB"]
[Site "Markdorf"]
[Date "2009.05.22"]
[Round "3.20"]
[White "Kolas, Matija"]
[Black "Längl, Josef"]
[Result "1-0"]
[WhiteElo "1661"]
[BlackElo "1148"]
[PlyCount "139"]
[EventDate "2009.??.??"]
[WhiteTeam "SK Markdorf"]
[BlackTeam "SC Tettnang"]

1. d4 d5 2. e3 Nc6 3. c3 Nf6 4. f4 Bf5 5. Nf3 h6 6. Bd3 Ne4 7. O-O e6 8. Ne5
Bd6 9. a3 Nxe5 10. fxe5 Be7 11. Qe2 h5 12. Nd2 Bg5 13. Nf3 Bg4 14. Qc2 Bf5 15.
Bd2 h4 16. Rad1 h3 17. g3 Qe7 18. Bc1 Rh6 19. b4 Rg6 20. c4 Bh4 21. Nxh4 Qxh4
22. Rf4 Rxg3+ 23. hxg3 Qxg3+ 24. Kh1 Qg5 25. Bxe4 Bxe4+ 26. Rxe4 dxe4 27. Qf2
O-O-O 28. Rg1 Qh5 29. Kh2 g5 30. Bd2 Rg8 31. d5 g4 32. Rg3 Rg5 33. Qe2 Rf5 34.
Bc3 Qh4 35. Be1 Qh5 36. Qxg4 Qxg4 37. Rxg4 Rf1 38. Rg1 Rf3 39. dxe6 fxe6 40.
Rg8+ Kd7 41. b5 Rxe3 42. Rg7+ Kc8 43. Bb4 Rb3 44. Rh7 Rb2+ 45. Kxh3 e3 46. Kg3
Rc2 47. Rh4 c6 48. bxc6 bxc6 49. Re4 e2 50. Kf2 Kb7 51. Rxe2 Rxe2+ 52. Kxe2 Kb6
53. c5+ Kb5 54. Kd3 -- 55. Kd4 a5 56. Bc3 Ka4 57. Bb2 Kb3 58. Bc1 Kc2 59. Be3
Kb3 60. Bd2 a4 61. Bb4 Kb2 62. Kc4 Kc2 63. Bc3 Kb1 64. Kb4 Kc2 65. Ba1 Kd3 66.
Kxa4 Kc4 67. Ka5 Kxc5 68. Ka6 Kd5 69. a4 c5 70. Kb6 {
Die restlichen Züge sind nicht mehr nachvollziehbar.} 1-0

[Event "Oberschwaben-chB"]
[Site "Markdorf"]
[Date "2009.05.22"]
[Round "3.21"]
[White "Hörsch, Florian"]
[Black "Herpich, Tristan"]
[Result "1-0"]
[WhiteElo "1535"]
[BlackElo "800"]
[PlyCount "73"]
[EventDate "2009.??.??"]
[WhiteTeam "SAbt TSV Langenau"]
[BlackTeam "SC Lindau"]

1. e4 e5 2. f4 d5 3. exd5 c6 4. Qe2 Qxd5 5. Qxe5+ Qxe5+ 6. fxe5 Bc5 7. Nf3 Ne7
8. d4 Bb6 9. Bg5 Nd5 10. c3 O-O 11. Bc4 Be6 12. Nbd2 c5 13. O-O Nc6 14. Bxd5
Bxd5 15. Be3 Bxf3 16. Nxf3 Rad8 17. dxc5 Bc7 18. Bd4 Rfe8 19. Rfe1 Rd5 20. Rad1
h6 21. b4 b5 22. cxb6 axb6 23. Bf2 Rxd1 24. Rxd1 Nxe5 25. Nxe5 Rxe5 26. Rd7 Re2
27. Rxc7 Rxa2 28. Bxb6 Ra1+ 29. Kf2 Ra2+ 30. Kf3 Ra3 31. Bd4 Ra1 32. b5 Rb1 33.
b6 g5 34. b7 h5 35. Rc8+ Kh7 36. b8=Q g4+ 37. Kg3 1-0

[Event "Oberschwaben-chB"]
[Site "Markdorf"]
[Date "2009.05.22"]
[Round "3.22"]
[White "Kitzelmann, Stefan"]
[Black "Laub, Bertram"]
[Result "1-0"]
[WhiteElo "1335"]
[BlackElo "1498"]
[PlyCount "23"]
[EventDate "2009.??.??"]
[WhiteTeam "SC Wangen"]
[BlackTeam "SAbt TG Biberach"]

1. Nc3 e5 2. Nf3 d6 3. d4 exd4 4. Nxd4 Nf6 5. e4 a6 6. f3 Be7 7. Bc4 b5 8. Bb3
Bb7 9. Nf5 Nc6 10. Nxg7+ Kf8 11. Bh6 Ng8 12. Ne6+ 1-0

[Event "Oberschwaben-chB"]
[Site "Markdorf"]
[Date "2009.05.22"]
[Round "3.23"]
[White "Leser, Jasmin"]
[Black "Gräber, Gordian"]
[Result "0-1"]
[WhiteElo "907"]
[BlackElo "1492"]
[PlyCount "102"]
[EventDate "2009.??.??"]
[WhiteTeam "SF Mengen"]
[BlackTeam "SC Tettnang"]

1. e4 e5 2. Nf3 Nc6 3. Bc4 Bc5 4. O-O d6 5. h3 Be6 6. Bxe6 fxe6 7. Nc3 Nf6 8.
d3 h6 9. Nh4 O-O 10. Ng6 Rf7 11. Re1 Kh7 12. Nh4 Nxe4 13. Qg4 Bxf2+ 14. Kh2
Qxh4 15. Qxh4 Bxh4 16. Rxe4 Be7 17. Be3 a6 18. Ne2 Raf8 19. Ng3 a5 20. a3 Nd4
21. Bxd4 exd4 22. Rxe6 Bg5 23. b4 axb4 24. axb4 Rf2 25. c4 dxc3 26. Re2 Rxe2
27. Nxe2 Bd2 28. Nc1 Rf1 29. Nb3 Rxa1 30. Nxa1 Bc1 31. Nc2 g5 32. Kg3 Kg6 33.
Kf3 Kf5 34. d4 b5 35. Ke2 Ke4 36. Kd1 Be3 37. Na3 c6 38. Nc2 Bxd4 39. Nxd4 Kxd4
40. Kc2 Kc4 41. g4 Kxb4 42. Kc1 d5 43. h4 gxh4 44. g5 hxg5 45. Kc2 h3 46. Kc1
h2 47. Kc2 Kc4 48. Kc1 h1=Q+ 49. Kc2 Qg2+ 50. Kc1 Qd2+ 51. Kb1 Qb2# 0-1

[Event "Oberschwaben-chB"]
[Site "Markdorf"]
[Date "2009.05.22"]
[Round "3.25"]
[White "Benkö, Jakob"]
[Black "Labor, Kurt"]
[Result "1-0"]
[WhiteElo "879"]
[BlackElo "1300"]
[PlyCount "53"]
[EventDate "2009.??.??"]
[WhiteTeam "SC Tettnang"]
[BlackTeam "SK Markdorf"]

1. Nc3 Nf6 2. e4 d5 3. exd5 Nxd5 4. Nf3 Bg4 5. Bc4 e6 6. Qe2 Nf4 7. Qf1 Bxf3 8.
gxf3 c6 9. d3 Ng6 10. Be3 Bb4 11. Bd2 Ne5 12. Qe2 Nxc4 13. dxc4 Nd7 14. O-O-O
a5 15. Ne4 Qc7 16. f4 Be7 17. Bc3 Qxf4+ 18. Kb1 Qc7 19. Bxg7 Rg8 20. Rhg1 O-O-O
21. Qh5 f5 22. Nc3 Bf6 23. Bxf6 Nxf6 24. Rxg8 Rxg8 25. Qe2 Re8 26. f3 e5 27.
Qf2 1-0

[Event "Oberschwaben-chB"]
[Site "Markdorf"]
[Date "2009.05.22"]
[Round "4.1"]
[White "Jäckel, Thomas"]
[Black "Starcevic, Bozo"]
[Result "0-1"]
[WhiteElo "1853"]
[BlackElo "1784"]
[PlyCount "70"]
[EventDate "2009.??.??"]

1. e4 c5 2. Nc3 e6 3. g3 Nc6 4. Bg2 a6 5. d3 Qc7 6. f4 d6 7. Nf3 Be7 8. O-O Nf6
9. Be3 Ng4 10. Bd2 O-O 11. h3 Nf6 12. Ne2 b5 13. g4 Bb7 14. Ng3 d5 15. e5 Nd7
16. g5 Nd4 17. Kh2 g6 18. h4 Nf5 19. Rh1 d4 20. Qe1 Rac8 21. Kg1 Nb6 22. h5 Nd5
23. Ne4 Nfe3 24. Qh4 Nxf4 25. hxg6 h5 26. Qxf4 fxg6 27. Nf6+ Kg7 28. Bxe3 dxe3
29. Qxe3 c4 30. d4 c3 31. b3 Rcd8 32. Nh4 Rxd4 33. Nf3 Bxf3 34. Qxf3 Bc5 35.
Qb7 Rd5+ 0-1

[Event "Oberschwaben-chB"]
[Site "Markdorf"]
[Date "2009.05.22"]
[Round "4.2"]
[White "Zeller, Roman"]
[Black "Benkö, Florian"]
[Result "1-0"]
[WhiteElo "1828"]
[BlackElo "1683"]
[PlyCount "37"]
[EventDate "2009.??.??"]

1. e4 Nc6 2. Nf3 d5 3. exd5 Qxd5 4. Nc3 Qh5 5. Nb5 Kd8 6. Be2 Bg4 7. Nc3 Nf6 8.
d3 e6 9. a3 Bd6 10. Ne4 Re8 11. Bg5 Be7 12. Qd2 h6 13. Nxf6 Bxf6 14. Bxf6+ gxf6
15. O-O-O Kd7 16. Kb1 e5 17. h3 Be6 18. d4 Rad8 19. Nxe5+ 1-0

[Event "Oberschwaben-chB"]
[Site "Markdorf"]
[Date "2009.05.22"]
[Round "4.3"]
[White "Leser, Alfred"]
[Black "Meger, Wilfried"]
[Result "1/2-1/2"]
[WhiteElo "1782"]
[BlackElo "1812"]
[PlyCount "22"]
[EventDate "2009.??.??"]

1. c4 g6 2. Nc3 Bg7 3. g3 e6 4. Bg2 c5 5. e4 Nc6 6. Nge2 Nge7 7. d3 d6 8. O-O
a6 9. Rb1 O-O 10. a3 Bd7 11. b4 b6 1/2-1/2

[Event "Oberschwaben-chB"]
[Site "Markdorf"]
[Date "2009.05.22"]
[Round "4.4"]
[White "Schneider, Thomas"]
[Black "Heil, Marina"]
[Result "1/2-1/2"]
[WhiteElo "1695"]
[BlackElo "1754"]
[PlyCount "56"]
[EventDate "2009.??.??"]

1. d4 g6 2. c4 Nf6 3. Nc3 Bg7 4. e4 d6 5. Nge2 O-O 6. Ng3 e5 7. d5 a5 8. Be2
Na6 9. Be3 Nd7 10. O-O f5 11. f4 exf4 12. Bxf4 fxe4 13. Ngxe4 Nac5 14. Bg5 Qe8
15. Nxc5 Nxc5 16. Nb5 Na6 17. Qd2 Qe5 18. Rxf8+ Kxf8 19. Bh6 Bf5 20. Rf1 Kg8
21. Bxg7 Kxg7 22. Nd4 Bd7 23. Nf3 Qe7 24. Ng5 Rf8 25. Rxf8 Kxf8 26. Bf1 Nc5 27.
Qf4+ Kg7 28. Qd4+ Kg8 1/2-1/2

[Event "Oberschwaben-chB"]
[Site "Markdorf"]
[Date "2009.05.22"]
[Round "4.5"]
[White "Oestreicher, Hans-Ulrich"]
[Black "Stadelmayer, Bernd"]
[Result "1-0"]
[WhiteElo "1982"]
[BlackElo "1704"]
[PlyCount "57"]
[EventDate "2009.??.??"]

1. c4 Nf6 2. Nf3 e6 3. g3 d5 4. Bg2 Bd6 5. O-O O-O 6. b3 c5 7. cxd5 exd5 8. Bb2
Nc6 9. d4 Re8 10. Nc3 Bf5 11. Nb5 Ne4 12. Nxd6 Qxd6 13. Rc1 cxd4 14. Nxd4 Nxd4
15. Qxd4 Qg6 16. e3 h5 17. Rc7 b6 18. Rfc1 h4 19. Qa4 hxg3 20. hxg3 Nxg3 21.
fxg3 Rxe3 22. R7c3 Rxg3 23. Rxg3 Qxg3 24. Qd4 Be4 25. Qf2 Qg5 26. Rc3 Bg6 27.
Rg3 Qd8 28. Qd4 Qf8 29. Rxg6 1-0

[Event "Oberschwaben-chB"]
[Site "Markdorf"]
[Date "2009.05.22"]
[Round "4.6"]
[White "Lewandowski, Tadeus"]
[Black "Betzen, Wolfgang"]
[Result "1-0"]
[WhiteElo "1688"]
[BlackElo "1850"]
[PlyCount "83"]
[EventDate "2009.??.??"]

1. d4 d5 2. c4 e5 3. dxe5 d4 4. Nf3 Nc6 5. g3 Be6 6. Nbd2 Qd7 7. h4 h5 8. a3 a5
9. b3 Nge7 10. Bb2 Ng6 11. Ne4 Rd8 12. Neg5 Bf5 13. e6 fxe6 14. Bh3 e5 15. Bxf5
Qxf5 16. Qd3 Nge7 17. Qxf5 Nxf5 18. Rd1 Bd6 19. O-O Nce7 20. Ne6 c5 21. Nxd8
Kxd8 22. Ng5 Kd7 23. Bc1 Ng6 24. Ne4 Be7 25. Rd3 Kc6 26. Kh2 Nd6 27. Nxd6 Bxd6
28. e4 Rf8 29. Kg2 a4 30. Bd2 b5 31. cxb5+ Kxb5 32. Rb1 c4 33. bxc4+ Kxc4 34.
Rf3 Rxf3 35. Kxf3 Bxa3 36. Ke2 Bc5 37. Rc1+ Kb5 38. Kd3 a3 39. Rb1+ Ka4 40. Kc4
Ne7 41. Kxc5 a2 42. Rb4+ 1-0

[Event "Oberschwaben-chB"]
[Site "Markdorf"]
[Date "2009.05.22"]
[Round "4.7"]
[White "Fichtl, Xaver"]
[Black "Voss, Michael"]
[Result "1-0"]
[WhiteElo "1809"]
[BlackElo "1667"]
[PlyCount "91"]
[EventDate "2009.??.??"]

1. e4 c5 2. Nc3 Nc6 3. Nf3 g6 4. d3 Bg7 5. Bd2 e6 6. Be2 Nge7 7. Qc1 Nd4 8.
Nxd4 cxd4 9. Nd1 Nc6 10. O-O e5 11. f4 d6 12. f5 f6 13. h4 Bd7 14. g4 Qe7 15.
c4 O-O-O 16. b4 Be8 17. b5 Nb8 18. Qa3 b6 19. Qc1 Nd7 20. Nf2 h5 21. g5 Nc5 22.
Bb4 fxg5 23. hxg5 gxf5 24. exf5 Qc7 25. Bxc5 dxc5 26. Ne4 Bf8 27. Rf2 Kb8 28.
a4 Bg7 29. Qd2 Bd7 30. Raf1 Bc8 31. f6 Bf8 32. Rg2 Bh3 33. Bf3 Bxg2 34. Qxg2 h4
35. Qh3 Bd6 36. Bg4 Bf8 37. Rf2 Kb7 38. Be6 a5 39. Rg2 Kb8 40. g6 Bh6 41. g7
Rhg8 42. Bxg8 Rxg8 43. Qe6 Qc8 44. Qxc8+ Rxc8 45. g8=Q Be3+ 46. Kh2 1-0

[Event "Oberschwaben-chB"]
[Site "Markdorf"]
[Date "2009.05.22"]
[Round "4.8"]
[White "Rünz, Wilfried"]
[Black "Scherbaum, Guenter"]
[Result "1/2-1/2"]
[WhiteElo "1657"]
[BlackElo "1804"]
[PlyCount "45"]
[EventDate "2009.??.??"]

1. d4 f5 2. Nf3 g6 3. c4 Nf6 4. Nc3 Bg7 5. Qc2 O-O 6. e4 fxe4 7. Nxe4 d6 8. Bd2
Nbd7 9. Bc3 c6 10. Bd3 d5 11. Nxf6+ Nxf6 12. O-O b6 13. Rae1 Qc7 14. cxd5 Nxd5
15. Bc4 Rxf3 16. gxf3 Bh3 17. Qe4 e6 18. Rd1 Bxf1 19. Qxe6+ Kh8 20. Bxd5 cxd5
21. Rxf1 Rd8 22. Rd1 Qf4 23. Qg4 1/2-1/2

[Event "Oberschwaben-chB"]
[Site "Markdorf"]
[Date "2009.05.22"]
[Round "4.9"]
[White "Oberndörfer, Frank"]
[Black "Heil, Peter"]
[Result "1-0"]
[WhiteElo "1785"]
[BlackElo "1635"]
[PlyCount "121"]
[EventDate "2009.??.??"]

1. d4 e5 2. dxe5 Nc6 3. Nf3 Qe7 4. Nc3 Nxe5 5. e4 c6 6. Be3 Nf6 7. Be2 Neg4 8.
Qd3 Nxe3 9. Qxe3 d5 10. e5 Nd7 11. O-O g6 12. Rae1 Bg7 13. Bd3 O-O 14. e6 fxe6
15. Qxe6+ Qxe6 16. Rxe6 Nc5 17. Re7 Nxd3 18. cxd3 Bf6 19. Ree1 Bf5 20. Rd1 Rfe8
21. Rfe1 Rxe1+ 22. Nxe1 Re8 23. Kf1 b5 24. h3 h5 25. Nc2 d4 26. Ne2 c5 27. Ng3
Kf7 28. b3 h4 29. Nxf5 gxf5 30. Na3 a6 31. Rc1 Be7 32. Nc2 Bg5 33. Rd1 Be7 34.
Ne1 Bf6 35. Nf3 Re6 36. Rc1 Rc6 37. Ke2 Ke6 38. Kd2 Kd5 39. Re1 Re6 40. Rxe6
Kxe6 41. g3 hxg3 42. fxg3 Kd5 43. h4 c4 44. bxc4+ bxc4 45. dxc4+ Kxc4 46. h5 a5
47. h6 a4 48. h7 Kb4 49. Kd3 Ka3 50. Nxd4 Kxa2 51. Nxf5 Kb2 52. Nd4 a3 53. Nc2
Kb3 54. Nxa3 Kxa3 55. Ke4 Kb4 56. Kf5 Bc3 57. g4 Kc5 58. Ke6 Kc6 59. g5 Kc7 60.
g6 Kd8 61. Kf7 1-0